Umweltinformatik Informatikmethoden für Umweltschutz und Umweltforschung

Gespeichert in:
Bibliographische Detailangaben
Weitere Verfasser: Page, Bernd, Hilty, Lorenz M.
Format: Buch
Sprache:Deutsch
Veröffentlicht: München Oldenbourg 1994
Ausgabe:1.Aufl.
Schlagworte:
Tags: Tag hinzufügen
Keine Tags, Fügen Sie das erste Tag hinzu!

MARC

LEADER 00000nam a2200000 4500
001 c010034
005 20221214075517.4
020 |a 3-486-22723-8 
041 0 |a ger 
044 |a DE 
245 1 0 |a Umweltinformatik  |b Informatikmethoden für Umweltschutz und Umweltforschung  |c Edit. Bernd Page, Lorenz M. Hilty 
250 |a 1.Aufl. 
264 1 |a München  |b Oldenbourg  |c 1994 
300 |a 303 s. 
610 2 0 |a prostredie životné 
610 2 0 |a ochrana prostredia životného 
610 2 0 |a informatika 
610 2 0 |a výskum 
610 2 0 |a banky dát 
610 2 0 |a systémy informačné 
610 2 0 |a modelovanie 
610 2 0 |a simulácia 
700 1 |a Page, Bernd 
700 1 |a Hilty, Lorenz M.